00478nam a22001337a 4500008004100000041000800041080001000049100000600059101001200065245010500077942001200182999001700194952013300211180606b xxu||||| |||| 00| 0 eng d aeng a043.3 a0 aSHKI-BA aGPS Programi ne pajisjet mobile: Trajtim krahasues ne mes Java per Android dhe PhonegapcMenxhiqi, L 2udccBK c46468d46468 00102udc40708PËKGa002b002cDisertacionetd2018-06-06l0o043.3 Menxhiqi, L 2013p002-3009424r2018-06-06w2018-06-06yBK